000 01523cam a2200373Ia 4500
001 5878965
003 PE-LiUPU
005 20250731173556.0
008 800116s1970 cau 000 0 eng d
020 _a0942039023
040 _aPE-LiUPU
_cPE-LiUPU
_bspa
_erda
082 _223
_a248.4
_bT892g
099 9 _aBX
_a6157.5
_a.T82
_a197-
100 1 _aTucker, J. L.
_q(Julius Lafayette),
_d1895-1989.
245 1 0 _aGod's great questions to man /
_cpor J.L. Tucker.
260 _aRedlands, Calif.,
_bThe Quiet Hour Library,
_c[197-?]
300 _a126 páginas ;
_c16 centímetros.
505 _aWhere art thou? -- Where i thy brother? -- What doest thou here? -- What is that in thine hand? -- What more could I do? -- What think ye of Christ? -- The unanwerble question -- What have they seen in thine house? -- I will work, and who can hinder? -- What is your life? -- Where is thy folck? -- Why transgress the commandments of God? -- Gaining the world and losing your soul.
526 _aSEG42
526 _aSEG41
526 _aSEG40
526 _aSEG39
526 _aP94
526 _aP87
526 _aP86
526 _aP85
526 _aP77
526 _aP76
526 _aP35
590 _aMostly identical to 1945 ed., except for the last two chapters of the 1945 ed. which are replaced by three new chapters in this ed.
650 0 _aVida cristiana
_9940
942 _2ddc
_cBK
_n0
999 _c61709
_d61709
980 _618226
_aJaime Vilcazán Jefe de Análisis Documental
_81
_gALBERTO SANCHEZ Responsable de Automatización